Оптимизация лекции на основе диагностического тестирования; Оптимизация учебного процесса в вузе

מידע ביבליוגרפי
Parent link:Оптимизация учебного процесса в вузе.— 1984.— С. 40-43
מחבר ראשי: Карякин Ю. В. Юрий Васильевич
מחברים אחרים: Магазинников Л. И.
שפה:רוסית
יצא לאור: 1984
נושאים:
פורמט: MixedMaterials Book Chapter
KOHA link:https://koha.lib.tpu.ru/cgi-bin/koha/opac-detail.pl?biblionumber=239415

MARC

LEADER 00000naa2a2200000 4500
001 239415
005 20231031205441.0
035 |a (RuTPU)RU\TPU\book\260634 
035 |a RU\TPU\book\260606 
090 |a 239415 
100 |a 20130607d1984 k y0rusy50 ca 
101 0 |a rus 
102 |a RU 
200 1 |a Оптимизация лекции на основе диагностического тестирования  |f Ю. В. Карякин, Л. И. Магазинников 
320 |a Библиогр.: с. 43 (5 назв.) 
463 0 |0 (RuTPU)RU\TPU\book\119532  |t Оптимизация учебного процесса в вузе  |o сборник статей  |f под ред. А. М. Трубицына  |v С. 40-43  |d 1984  |p 153 с. 
610 1 |a труды учёных ТПУ 
700 1 |a Карякин  |b Ю. В.  |c специалист в области организации высшего профессионального образования  |c ведущий эксперт Томского политехнического университета, кандидат технических наук  |f 1939-  |g Юрий Васильевич  |2 stltpush  |3 (RuTPU)RU\TPU\pers\25184 
701 1 |a Магазинников  |b Л. И. 
801 1 |a RU  |b 63413507  |c 20130111 
801 2 |a RU  |b 63413507  |c 20130607  |g RCR 
942 |c BK